Statistics for Cisco Acronyms 2

Click here to take the quiz!

General Stats

  • This quiz has been taken 3 times
  • The average score is 3 of 22

Answer Stats

HintAnswer% Correct
APaccess point
100%
ARPAddress Resolution Protocol
100%
ASautonomous system
50%
APNaccess point name
0%
ARBAdaptive Rate-Based
0%
AMDAdvanced Micro Devices
0%
APPNAdvanced Peer-to-Peer Networking
0%
APPCAdvanced Program-to-Program Communications
0%
ATAAdvanced Technology Attachment
0%
ASCUagent-set control unit
0%
ANSIAmerican National Standards Institute
0%
ANY-PHYAny physical layer-data link layer
0%
APINGAPPC Ping
0%
ARAPAppleTalk Remote Access Protocol
0%
APIapplication programming interface
0%
ASICapplication-specific integrated circuit
0%
ASPATM switch processor
0%
APauthentication proxy
0%
ANRAutomatic Network Routing
0%
APSautomatic protection switching
0%
ARQautomatic repeat request
0%
AQDaverage queue depth
0%

Score Distribution

Percentile by Number Answered

Percent of People with Each Score

Your Score History

You have not taken this quiz